|
|
|
|
| LEADER |
00891nab a2200229 i 4500 |
| 001 |
publ34186 |
| 005 |
20250530152121.0 |
| 008 |
250530s1979 hu o 000 hun d |
| 022 |
|
|
|a 0001-6659; 1587-1495
|
| 024 |
7 |
|
|a 1796168
|2 mtmt
|
| 040 |
|
|
|a SZTE Publicatio Repozitórium
|b hun
|
| 041 |
|
|
|a hun
|
| 100 |
1 |
|
|a Kata Mihály
|
| 245 |
1 |
0 |
|a Keveréskinetikai következtetések a porkeverési adatok számítógépes feldolgozásával [Mixing kinetics derived by computer elaboration of powder mixing data]
|h [elektronikus dokumentum] /
|c Kata Mihály
|
| 260 |
|
|
|c 1979
|
| 300 |
|
|
|a 57-61
|
| 490 |
0 |
|
|a ACTA PHARMACEUTICA HUNGARICA
|v 49 No. 2
|
| 650 |
|
4 |
|a Számítás- és információtudomány
|
| 650 |
|
4 |
|a Általános orvostudomány
|
| 700 |
0 |
1 |
|a Boda Krisztina
|e aut
|
| 700 |
0 |
1 |
|a Eller József
|e aut
|
| 856 |
4 |
0 |
|u http://publicatio.bibl.u-szeged.hu/34186/7/aok_klny_1273_79.pdf
|z Dokumentum-elérés
|